Código de comercio: citas de jurisprudencia, anotado y concordado, índice temático alfabético, apéndices
Spremljeno u:
| Format: | Knjiga |
|---|---|
| Jezik: | španjolski |
| Izdano: |
Santiago
LexisNexis
2004
|
| Izdanje: | 4a. ed |
| Serija: | Códigos de la República de Chile
|
| Teme: | |
| Oznake: |
Dodaj oznaku
Bez oznaka, Budi prvi tko označuje ovaj zapis!
|
MARC
| LEADER | 00000nam a2200000 a 4500 | ||
|---|---|---|---|
| 001 | UCL7222 | ||
| 003 | CL-VaPUC | ||
| 008 | 040514e20040400CL |||||||||||||||||spa|d | ||
| 020 | |a 9562384721 | ||
| 082 | 0 | 4 | |a 346.8307 |b COD |2 21 |
| 245 | 1 | 0 | |a Código de comercio: citas de jurisprudencia, anotado y concordado, índice temático alfabético, apéndices |
| 250 | |a 4a. ed | ||
| 300 | |a 944 p | ||
| 942 | |c BK | ||
| 945 | |d 20040514 00:00:00 |a cmena | ||
| 260 | |a Santiago |b LexisNexis |c 2004 | ||
| 650 | 0 | |a Código de comercio |9 329302 | |
| 650 | 0 | |a Derecho comercial chileno |9 430902 | |
| 650 | 0 | |a Contratos |9 255153 | |
| 650 | 0 | |a Comercio marítimo |9 352895 | |
| 583 | |a last modification |c 20040514 00:00:00 |k Rodrigo Vera | ||
| 490 | 0 | |a Códigos de la República de Chile | |
| 999 | |c 309072 |d 309070 | ||
| 952 | |0 0 |1 0 |2 ddc |4 0 |6 346_830700000000000_COD_2004 |7 0 |8 FOND_LRYV |9 376173 |a BIBDER |b BIBDER |d 2019-11-21 |i 4017005 |o 346.8307 COD 2004 |p 4017005 |r 2023-01-25 |w 2019-11-21 |y BK_X |k DER | ||
| 952 | |0 0 |1 0 |2 ddc |4 0 |6 346_830700000000000_COD_2004 |7 0 |8 FOND_LRYV |9 376178 |a BIBDER |b BIBDER |d 2019-11-21 |i 4017056 |o 346.8307 COD 2004 |p 4017056 |r 2023-01-25 |w 2019-11-21 |y BK_X |k DER | ||